000 00712nam a2200253Ia 4500
003 OSt
005 20220928114219.0
006 a|||||r|||| 00| 0
007 ta
008 220927b |||||||| |||| 00| 0 eng d
024 _a42512
037 _cTextual
040 _aSDCL
_cSDCL
_beng
041 _2eng
_aeng
082 _aS8, L8
100 _aWalster Elaine
_9437520
245 0 _aEquity
_b Theory and research.
260 _aBoston
_bAllyn and Bacon
_c1978
300 _aviii,312p.
_ccm.
700 _a Berscheid Ellen
_9437521
700 _a Walster G William
_9437522
942 _hS8, L8
_cTEXL
_2CC
999 _c753446
_d753446